000
00179 a2200097 4500
020
_a
9789875660281
041
_a
spa
100
_a
MICHAEL CRICHTON
245
_a
PRESA
942
_c
BK
999
_c
5662
_d
5662